|
|
|
|
| LEADER |
00597cam a2200193ua 4500 |
| 008 |
110314t2007||||||||||| 00 ||||| c |
| 082 |
|
|
|a 615.952
|b TOX
|
| 245 |
1 |
0 |
|a Toxicology and clinical pharmacology of herbal products /
|
| 260 |
|
|
|a New Jersey:
|b Humana,
|c 2007.
|
| 300 |
|
|
|a 325p..
|
| 362 |
1 |
|
|a 2007.
|
| 650 |
|
|
|a Herbs
|
| 650 |
0 |
|
|a Medicinal plants
|
| 650 |
0 |
|
|a Vegetable-Toxicology
|
| 650 |
0 |
|
|a Pharmacology
|
| 650 |
0 |
|
|a Medicine
|
| 942 |
|
|
|c BK
|
| 999 |
|
|
|c 25123
|d 25123
|
| 952 |
|
|
|0 0
|1 0
|4 0
|6 615_952000000000000_TO
|7 0
|9 26737
|a KUCL
|b KUCL
|d 2014-05-23
|l 0
|o 615.952 TO
|p 25657
|r 2014-05-23
|w 2014-05-23
|y BK
|